| 000 | 01302nam a2200241Ia 4500 | ||
|---|---|---|---|
| 999 |
_c34551 _d34551 |
||
| 001 | 311 | ||
| 003 | GE_BSU | ||
| 005 | 20200131150342.0 | ||
| 008 | 181216s2009||||ge |||||||||||||| ||geo|| | ||
| 040 | _cGE_BSU | ||
| 041 | _ageo | ||
| 080 | _a634(038) ბ-15 | ||
| 100 |
_aბადრიშვილი, გივი _96643 |
||
| 245 |
_aხეხილის ბოტანიკური ლექსიკონი = Ботанический словарь плодовых : _bსახელწოდებები ქართულ, რუსულ და ლათინურ ენებზე / _c გივი ბადრიშვილი, გიორგი ბადრიშვილი ; [რედ. ნათელა ბირკაია]. |
||
| 264 |
_aთბილისი, _b[საარი], _c2009. |
||
| 300 |
_a100 გვ.; _b24 სმ. |
||
| 504 | _aბიბლიოგრ.: გვ. 98-99 | ||
| 653 | _aბოტანიკური ლექსიკონი | ||
| 653 | _aხეხილის ბოტანიკური ლექსიკონი | ||
| 700 |
_aბადრიშვილი, გიორგი _eავტორი _96644 |
||
| 700 |
_a ბირკაია, ნათელა _eრედაქტორი _96645 |
||
| 942 |
_cBK _2udc |
||